|
|
|
|
| LEADER |
00000cam a2200000 a 4500 |
| 001 |
vtls008389419 |
| 003 |
SK-MaSNL |
| 005 |
20260301165046.0 |
| 008 |
230403s1955 xo dabof n 001 0 slo |
| 015 |
|
|
|a SNBA19451955-008785
|
| 020 |
|
|
|q (viazané)
|
| 035 |
|
|
|a SK01SNKBKSFS20010081636
|
| 035 |
|
|
|a urn:nbn:sk:snk-am3id8v
|
| 035 |
|
|
|a urn:nbn:sk:snk-am00e45e
|
| 035 |
|
|
|a 0BEE2D53-78EA-4818-A87D-C8461B77A919
|
| 035 |
|
|
|a SKM000084099
|
| 040 |
|
|
|a SNK
|b slo
|c SNK
|e AACR2
|
| 041 |
0 |
|
|a slo
|b rus
|b ger
|
| 044 |
|
|
|a xo
|c SK
|
| 080 |
|
|
|a 630
|2 1981
|
| 080 |
|
|
|a 631
|2 1981
|
| 100 |
1 |
|
|a Papánek, František,
|d 1912-1995
|4 aut
|9 201620
|
| 245 |
1 |
0 |
|a Ekonomika socialistického lesného hospodárstva
|c František Papánek
|
| 250 |
|
|
|a 1. vydanie
|
| 260 |
|
|
|a Bratislava
|b Slovenské vydavateľstvo pôdohospodárskej literatúry
|c 1955
|e Martin
|f Severoslov. tlač.
|
| 300 |
|
|
|a 369, [6] s.
|b fotografie, grafy, ilustrácie, mapy
|c 25 cm
|
| 366 |
|
|
|e 2200 kusov
|
| 490 |
1 |
|
|a Lesníctvo
|v zv. 22
|
| 504 |
|
|
|a Bibliografia na strane 290-294 ; menný a vecný register
|
| 546 |
|
|
|a Resumé rus., nem.
|
| 650 |
0 |
7 |
|a lesné hospodárstvo
|2 SNKPH
|9 1256
|
| 650 |
0 |
7 |
|a hospodárstvo
|2 SNKPH
|9 14275
|
| 655 |
|
7 |
|a učebnice vysokých škôl
|2 SNKPH
|9 70191
|
| 830 |
|
0 |
|a Lesníctvo
|9 278477
|
| 852 |
|
|
|a Slovenská národná knižnica
|
| 954 |
|
|
|a odborná, vedecká literatúra pôvodná (slovenská)
|2 lita
|
| 958 |
|
|
|a OND
|
| 958 |
|
|
|a RK
|
| 958 |
|
|
|a TL
|
| 958 |
|
|
|a NB
|
| 958 |
|
|
|a EUIPO
|
| 999 |
|
|
|c 822849
|d 824779
|
| 952 |
|
|
|a SNK
|b SNK
|y PREZ
|7 0
|p 17A0772488
|o snkSC 6820
|i snk1472/55
|0 0
|1 0
|4 0
|d 2011-12-11
|f 1
|l 0
|r 2025-07-04 00:00:00
|w 2026-02-24
|
| 952 |
|
|
|a SNK
|b SNK
|y VYP
|7 0
|p 17A0536719
|o snkSC 6820 D1
|i snkI. 10354/55
|3 rekatalogizácia
|0 0
|1 0
|4 0
|d 2007-01-31
|l 0
|r 2026-02-24 03:12:11
|w 2026-02-24
|